000 00238 a2200097 4500
001 4655
100 _aMckniley,J.L
245 _aElectricity and electronics for aerospace vehicles
260 _aNY
_bmcgrawhill
_c1961
090 _c3849
_d3849
942 _aNUST-CAE
_cM
_c30099
999 _c239728
_d239728